000 01529nas a2200277Ia 4500
001 R262-R5163
003 IT-CnALBA
008 170116c99999999xx |||||||||||| ||und||
040 _aIT-CnALBA
_cIT-CnALBA
041 _aITALIANO
100 _aSPADAFORA FRANCESCO
210 _aPALESTRA DEL CLERO
222 _aPALESTRA DEL CLERO
245 0 _aPALESTRA DEL CLERO. RIVISTA DI CULTURA E PRATICA ECCLESIASTICA. XV NOVEMBRE 1955.
250 _a1a ed.
260 _a PA ROV. BELL.
_bISTIT. VEN. ARTI GRAF.
_c1955 [1° Ed.:1955 - Ed.Ling.Originale: 1955]
300 _a48 p.
310 _aBIMENSILE
362 _aFascicolo: 22 / Anno: 34 (1955)
500 _aANNUNCIO DEL GIUDIZIO UNIVERSALE NELLE LETTERE DI S. PAOLO. DIRITTO, ERRORE COMUNE, UMBERTO DA RIENZO. GIOVANNI DI SEGOVIA, TEOLOGO DELLA REDENZIONE DI MARIA IMMACOLATA. CONCETTI G. POSTO DELLA DONNA NELLA VITA COSACRATA SECONDO PIO XII. IL DECENNIO DELLE ACLI NELLA PAROLA DEL PAPA. QUADRI. ANIELLO CALCARA, ARCIVESCOVO E POETA.
501 _aSocietà San Paolo EM - Piazza San Paolo, 14 - 12051 ALBA (CN) (non commercial uses only) ® Copyright 2017
520 _aANNUNCIO DEL GIUDIZIO UNIVERSALE NELLE LETTERE DI S. PAOLO. DIRITTO, ERRORE COMUNE, UMBERTO DA RIENZO. GIOVANNI DI SEGOVIA, TEOLOGO DELLA REDENZIONE DI MARIA IMMACOLATA. CONCETTI G. POSTO DELLA DONNA NELLA VITA COSACRATA SECONDO PIO XII. IL DECENNIO DELLE ACLI NELLA PAROLA DEL PAPA. QUADRI. ANIELLO CALCARA, ARCIVESCOVO E POETA.
650 _aECCLESIOLOGIA
942 _cCR
957 _71
999 _a49121
_bNO
_g1
_c323611
_d323611